000 00491nam a2200169 i 4500
001 130417
003 ES-MaACL
005 20230906193733.0
007 t|
008 070727s1918 cr ||||1| spa d
100 1 _aSotela, Rogelio.
_9107457
245 1 3 _aLa senda de Damasco /
_cRogelio Sotela.
260 _aSan José de Costa Rica :
_bImprenta y Librería Alsina,
_c1918.
300 _a126 p., 1 h. de lám. ;
_c17 cm.
500 _aRetrato del autor.
852 _aES-MaACL
_j1550-F-8
999 _c130417
_d130417